Malaysian politics : The second generation
| Main Author: | |
|---|---|
| Format: | Book |
| Published: |
Singapore :
Oxford University Press ,
1991
|
| Subjects: |
MARC
| LEADER | 00000cam a2200000 7i4500 | ||
|---|---|---|---|
| 001 | 0000002832 | ||
| 002 | 000003063 | ||
| 005 | 20000330.0 | ||
| 020 | |a 0195889886 | ||
| 090 | 0 | 0 | |a 320.9595 |b MEA |
| 100 | 1 | |a Means, Gordon P | |
| 245 | 1 | 0 | |a Malaysian politics : |b The second generation |c Gordon P.Means |
| 260 | |a Singapore : |b Oxford University Press , |c 1991 | ||
| 300 | |a 366p. : |b ill ; |c 25cm. | ||
| 650 | 0 | 0 | |a Malaysia |x Politics and government |
| 999 | |a 036437 |b BUKU |c MALAYSIANA |e PERPUSTAKAAN KOMUNITI PETALING JAYA | ||